[Event "RUS-Cup8"]
[Site "Smolensk"]
[Date "1997.??.??"]
[Round "6"]
[White "Tunik, Gennady"]
[Black "Krishilovsky, A."]
[Result "1/2-1/2"]
[WhiteElo "2460"]
[BlackElo "2150"]

1.d4 Nf6 2.c4 e6 3.Nf3 Bb4+ 4.Bd2 Qe7 5.g3 Nc6 6.Nc3 Bxc3 7.Bxc3 Ne4 8.Rc1 d6
9.d5 Nxc3 10.Rxc3 Nd8 11.dxe6 Nxe6 12.Bg2 O-O 13.O-O Qf6 14.Qd2 Bd7 15.Ne1 Bc6
16.f3 Qd4+ 17.Qxd4 Nxd4 18.Kf2 f5 19.Nd3 a5 20.Nf4 Rae8 21.Rd1 Ne6 22.Nxe6 Rxe6
23.c5 dxc5 24.Rxc5 b6 25.Rc3 Bb5 26.e3 c5 27.f4 Bc6 28.Bxc6 Rxc6 29.h3 h5
30.a4 Re8 31.Rd5 Rf6 32.Rc4 Rfe6 33.Rc3 g6 34.Rd7 R8e7 35.Rxe7 Rxe7 36.Rd3 Kf7
37.Rd6 Re4 38.Rxb6 Rxa4 39.Rb5 Rb4 40.Rxc5 Rxb2+ 41.Kf3 a4  1/2-1/2

[Event "RUS-Cup8"]
[Site "Smolensk"]
[Date "1997.??.??"]
[Round "7"]
[White "Koniushkov, Igor"]
[Black "Mozaliov, SV."]
[Result "1/2-1/2"]
[WhiteElo "2405"]
[BlackElo "2275"]

1.d4 Nf6 2.c4 e6 3.Nf3 Bb4+ 4.Bd2 Qe7 5.g3 Nc6 6.Nc3 Bxc3 7.Bxc3 Ne4 8.Rc1 Nxc3
9.Rxc3 d6 10.d5 Nd8 11.Bg2 O-O 12.dxe6 Nxe6 13.O-O a5 14.Ne1 Nc5 15.Nc2 a4
16.Nb4 c6 17.Re3 Qf6 18.Qc1 Be6 19.Rd1 Rfd8 20.Qc3 Qxc3 21.Rxc3 Kf8 22.Kf1 Rac8
23.Ke1 Ra8 24.Kd2 Na6 25.Nxa6 Rxa6 26.Rc2 Ra5 27.Kc3 Ke7 28.Kb4 Rc5 29.Rc3 Rb8
30.Rd2 b5 31.cxb5 Rbxb5+ 32.Ka3 Rxc3+ 33.bxc3 Rc5 34.Kxa4 Rxc3 35.Kb4 Rc4+
36.Ka5 Kd7 37.a4 Kc7 38.e3  1/2-1/2

[Event "St Petersburg-B"]
[Site "St Petersburg"]
[Date "1997.??.??"]
[Round "13"]
[White "Popov, Valerij"]
[Black "Kiik, Kalle"]
[Result "1-0"]
[WhiteElo "2430"]
[BlackElo "2380"]

1.c4 e6 2.Nf3 Nf6 3.d4 Bb4+ 4.Bd2 Bxd2+ 5.Qxd2 O-O 6.Nc3 d5 7.e3 Nbd7 8.Rc1 c6
9.cxd5 exd5 10.Bd3 Qe7 11.Qc2 Re8 12.O-O Ne4 13.b4 a6 14.a4 Nf8 15.b5 axb5
16.axb5 Ng6 17.bxc6 bxc6 18.Ra1 Rxa1 19.Rxa1 Bg4 20.Bxe4 dxe4 21.Nd2 f5 22.h3 Bh5
23.Ra5 Nh4 24.Ncxe4 Bg6 25.Re5 Qd8 26.Qc4+ Bf7 27.Nd6 Bxc4 28.Rxe8+ Qxe8
29.Nxe8 Bd5 30.Nd6 f4 31.e4 Be6 32.Nb7 g5 33.Nc5 Ba2 34.Na6 Be6 35.Nb8 f3
36.g3 Ng6 37.Nxf3  1-0

[Event "Piatka op"]
[Site "Swidnica"]
[Date "1997.??.??"]
[Round "7"]
[White "Grabliauskas, Virginijus"]
[Black "Khasin, Abram"]
[Result "1-0"]
[WhiteElo "2435"]
[BlackElo "2420"]

1.d4 Nf6 2.c4 e6 3.Nf3 Bb4+ 4.Bd2 Qe7 5.g3 Nc6 6.Nc3 Bxc3 7.Bxc3 Ne4 8.Qc2 Nxc3
9.Qxc3 Qb4 10.Qxb4 Nxb4 11.Kd2 d6 12.Kc3 c5 13.dxc5 dxc5 14.a3 Nc6 15.b4 Ke7
16.Bg2 Bd7 17.bxc5 Rac8 18.Nd2 Na5 19.Rhb1 Rc7 20.Nb3 Nc6 21.a4 Rhc8 22.a5 a6
23.Nd2 Nd8 24.Rb6 f5 25.f4 Bc6 26.Bxc6 Rxc6 27.Nb3 R6c7 28.e4 Nc6 29.exf5 exf5
30.Rd1 g6 31.Rd5 Kf7 32.Nd4 Nxa5 33.Kb4 Nc6+ 34.Nxc6 bxc6 35.Rd6  1-0

[Event "SWZ-chT9697"]
[Site "SWZ"]
[Date "1997.??.??"]
[Round "?"]
[White "Nemet, Ivan"]
[Black "Sokolov, Andrei"]
[Result "0-1"]
[WhiteElo "2410"]
[BlackElo "2580"]

1.d4 Nf6 2.Nf3 e6 3.c4 Bb4+ 4.Bd2 Qe7 5.g3 Nc6 6.Bg2 Bxd2+ 7.Nbxd2 a5 8.O-O O-O
9.e4 e5 10.dxe5 Nxe5 11.Nxe5 Qxe5 12.Qc2 d6 13.Rfe1 Re8 14.Rac1 Bd7 15.c5 dxc5
16.h3 Bc6 17.f4 Qe6 18.e5 Bxg2 19.Kxg2 Nd7 20.a4 Rad8 21.Nf3 Qc6 22.g4 b6
23.Kg3 Nf8 24.f5 Rd5 25.Qe4 Qd7 26.Rc3 c6 27.h4 Qe7 28.Qf4 Red8 29.Rce3 Rd3
30.h5 Rxe3 31.Rxe3 h6 32.Rb3 Nh7 33.Rxb6 Ng5 34.Nxg5 hxg5 35.Qe4 Qd7 36.e6 Qc7+
37.Kh3 Qxb6 38.exf7+ Kf8  0-1

[Event "SWZ-chT9697"]
[Site "SWZ"]
[Date "1997.??.??"]
[Round "?"]
[White "Sherwin, James T"]
[Black "Ernst, Rolf"]
[Result "1-0"]
[WhiteElo "2315"]
[BlackElo "2225"]

1.d4 Nf6 2.Nf3 e6 3.c4 Bb4+ 4.Bd2 Be7 5.Nc3 d5 6.Qc2 Nbd7 7.e3 a6 8.Rd1 c6
9.a3 b5 10.c5 Qc7 11.e4 dxe4 12.Nxe4 Nxe4 13.Qxe4 Nf6 14.Qc2 O-O 15.Bd3 Rd8
16.O-O Bb7 17.g3 h6 18.Bf4 Qc8 19.Qe2 Rd5 20.Bb1 Bf8 21.Rfe1 Rd8 22.Ne5 Re8
23.Qc2 Be7 24.Ng4 Kf8 25.Nxf6 Bxf6 26.Bd6+ Be7 27.Qh7 Bxd6 28.cxd6 f5 29.Re5 Kf7
30.Bxf5 exf5 31.Rxf5+ Qxf5 32.Qxf5+ Kg8 33.Qd7 Rab8 34.Kf1 Red8 35.Qe6+ Kh8
36.Re1 Bc8 37.Qe8+ Kh7 38.Qe4+ Kh8 39.Qxc6 Bh3+ 40.Kg1 Rbc8 41.Qxa6 Kh7 42.f3 Rc2
43.Qxb5 Rdc8 44.d7  1-0

[Event "EU-ch U18"]
[Site "Tallinn"]
[Date "1997.??.??"]
[Round "6"]
[White "Halkias, Stelios"]
[Black "Mchedlishvili, Mikheil"]
[Result "1/2-1/2"]
[WhiteElo "2385"]
[BlackElo "2380"]

1.d4 Nf6 2.c4 e6 3.Nf3 Bb4+ 4.Bd2 Qe7 5.g3 Nc6 6.Nc3 O-O 7.Bg2 Bxc3 8.Bxc3 Ne4
9.Rc1 d6 10.d5 Nxc3 11.Rxc3 Nd8 12.Qc2 a5 13.O-O a4 14.Rd1 Ra5 15.e4 e5 16.b4 axb3
17.axb3 f5 18.b4 Ra8 19.c5 fxe4 20.Nd2 e3 21.Rxe3 Nf7 22.Nc4 Bg4 23.Rde1 Qf6
24.b5 dxc5 25.Nxe5 Nxe5 26.Rxe5 Ra1 27.Re3 b6 28.h3 Bd7 29.Rxa1  1/2-1/2

[Event "Czerniak mem Bikurei Haitim"]
[Site "Tel Aviv"]
[Date "1997.??.??"]
[Round "8"]
[White "Manor, Ilan"]
[Black "Kogan, Artur"]
[Result "1-0"]
[WhiteElo "2525"]
[BlackElo "2515"]

1.d4 Nf6 2.Nf3 e6 3.c4 Bb4+ 4.Bd2 a5 5.g3 d6 6.Bg2 Nbd7 7.O-O e5 8.Bg5 exd4
9.Nxd4 h6 10.Bf4 O-O 11.a3 Bc5 12.Nc3 Re8 13.Ndb5 Nb6 14.b3 Nh5 15.Bc1 c6
16.Nd4 Bg4 17.h3 Qf6 18.Be3 Bd7 19.Ne4 Qg6 20.g4 Nf6 21.Nxc5 dxc5 22.Nf3 Ne4
23.Qc2 Qf6 24.Rad1 h5 25.Nh2 Qg6 26.gxh5 Qh7 27.f3 Ng3 28.Qxh7+ Kxh7 29.Bxc5 Nxe2+
30.Kf2 Nf4 31.Rd2 Ra6 32.Ng4 Bf5 33.Rfd1 a4 34.Bf1 axb3 35.Bd6 Ne6 36.c5 Na4
37.Bxa6 bxa6 38.Ne3 Bxh3 39.Rh1 b2 40.Rb1 Nexc5 41.Bxc5 Nxc5 42.Rbxb2 Re5
43.Rbc2 Rxh5 44.Kg3 Bd7 45.Rxc5 Rxc5 46.Rxd7 Rc3 47.Kf4 g5+ 48.Ke4 Rxa3 49.Rxf7+ Kg6
50.Rc7 Ra4+ 51.Kd3 Ra3+ 52.Kd2 Ra2+ 53.Ke1 a5 54.Rxc6+ Kf7 55.Ra6 a4 56.Nd5 a3
57.Nc3 Rc2 58.Rxa3 Kf6 59.Ne2 g4 60.Ra6+ Ke5 61.Ra5+ Kf6 62.fxg4 Rc4 63.Rf5+  1-0

[Event "DEN-chJ int"]
[Site "Tingkaerskolen"]
[Date "1997.??.??"]
[Round "2"]
[White "Vavrak, Peter"]
[Black "Gustafsson, Jan"]
[Result "0-1"]
[WhiteElo "2170"]
[BlackElo "2355"]

1.d4 Nf6 2.Nf3 e6 3.c4 Bb4+ 4.Bd2 Qe7 5.g3 Nc6 6.Nc3 Bxc3 7.Bxc3 Ne4 8.Qc2 Nxc3
9.Qxc3 O-O 10.Bg2 d6 11.O-O e5 12.d5 Nd8 13.e4 f5 14.c5 f4 15.Rfc1 Nf7 16.cxd6 cxd6
17.Rc2 Bg4 18.Ne1 Rac8 19.Qd3 Rxc2 20.Qxc2 fxg3 21.hxg3 Ng5 22.Rc1 Qf6 23.Qd2 h5
24.Rc3 Qg6 25.f3 Bh3 26.Bxh3 Nxh3+ 27.Kh2 Ng5 28.Kh1 h4 29.g4 h3 30.Qe3 Qh6
31.Rc2 Rf4 32.Kh2 Qh4 33.Qf2 Qh6 34.Qe3 Kh7 35.Kg3 Nxe4+ 36.fxe4 Rxg4+ 37.Kf2 Qh4+
38.Ke2 Rxe4  0-1

[Event "Torre Blanca op"]
[Site "Torre Blanca"]
[Date "1997.??.??"]
[Round "1"]
[White "Gras, Carlos"]
[Black "Castelli, Raul"]
[Result "1/2-1/2"]
[WhiteElo "2110"]
[BlackElo "2200"]

1.d4 Nf6 2.c4 e6 3.Nf3 Bb4+ 4.Bd2 Qe7 5.a3 Bxd2+ 6.Nbxd2 d6 7.e3 O-O 8.Be2 b6
9.O-O Bb7 10.Qc2 Nbd7 11.b4 c5 12.Bd3 Rfc8 13.Qb1 g6 14.Ne4 Nxe4 15.Bxe4 Nf6
16.Bxb7 Qxb7 17.bxc5 dxc5 18.Ne5 Ne4 19.Qb2 f5 20.f3 Nd6 21.Rfd1 Qc7 22.d5 Re8
23.dxe6 Rxe6 24.f4 Rd8 25.Rd5 Ne4 26.Rad1 Red6 27.Qb3 Nf6 28.Rxd6  1/2-1/2

[Event "Tunis op"]
[Site "Tunis"]
[Date "1997.??.??"]
[Round "7"]
[White "Kaabi, Mejdi"]
[Black "Hmadi, Slaheddine"]
[Result "1-0"]
[WhiteElo "2325"]
[BlackElo "2310"]

1.d4 e6 2.c4 Nf6 3.Nf3 Bb4+ 4.Bd2 Bxd2+ 5.Qxd2 O-O 6.Nc3 d5 7.e3 Qe7 8.Rc1 Rd8
9.Qc2 Nbd7 10.cxd5 exd5 11.Bd3 Nf8 12.O-O Ng6 13.h3 c6 14.Rfe1 Bd7 15.b4 Rac8
16.Qb2 Re8 17.Ng5 Ng4 18.Nf3 Nh6 19.Ne2 a6 20.a4 Nf8 21.Ne5 Be6 22.Nf4 f6
23.Nf3 Bf7 24.b5 axb5 25.axb5 g5 26.Ne2 c5 27.dxc5 Rxc5 28.Rxc5 Qxc5 29.Rc1 Qb6
30.Nfd4 Qd6 31.Ng3 Bg6 32.Bxg6 hxg6 33.Qa2 Kg7 34.Qa7 Re7 35.Rc8 Rf7 36.Rb8 Qd7
37.Qa8 f5 38.Rd8 Qe7 39.Re8 Qd7 40.Nge2 f4 41.exf4 gxf4 42.Qd8 Qxd8 43.Rxd8 g5
44.Rxd5 Kg6 45.Nf3 Rf5 46.Rd6+ Rf6 47.Ne5+ Kf5 48.Nc4 Rxd6 49.Nxd6+ Ke5 50.Nxb7 Nd7
51.Nd8 Nf5 52.Nc3 Kd4 53.Na4 Kc4 54.Ne6 Kb4 55.Nb2 Kc3 56.Nxg5 Kxb2 57.Ne6 f3
58.g4 Nd4 59.Nxd4 Ne5 60.b6 Kc3 61.Nxf3  1-0

[Event "Ubeda op"]
[Site "Ubeda"]
[Date "1997.??.??"]
[Round "3"]
[White "Bagaturov, Giorgi"]
[Black "Pigusov, Evgeny"]
[Result "1/2-1/2"]
[WhiteElo "2475"]
[BlackElo "2565"]

1.d4 Nf6 2.c4 e6 3.Nf3 Bb4+ 4.Bd2 Qe7 5.g3 Nc6 6.Nc3 O-O 7.Bg2 Bxc3 8.Bxc3 Ne4
9.Rc1 d6 10.d5 Nd8 11.dxe6 Nxe6 12.O-O  1/2-1/2

[Event "JUG Cup"]
[Site "Ulcinj"]
[Date "1997.??.??"]
[Round "?"]
[White "Gyimesi, Zoltan"]
[Black "Martinovic, Slobodan"]
[Result "1/2-1/2"]
[WhiteElo "2500"]
[BlackElo "2495"]

1.d4 Nf6 2.c4 e6 3.Nf3 Bb4+ 4.Bd2 Qe7 5.g3 Nc6 6.Nc3 Bxc3 7.Bxc3 Ne4 8.Qc2 Nxc3
9.Qxc3 Qb4 10.Qxb4 Nxb4 11.Kd2 d6 12.a3 Nc6 13.Bg2 Bd7 14.b4 O-O 15.Rhc1 Ne7
16.Ne1 Rab8 17.Nd3 Rfd8 18.e3 Bc6 19.f3 b6 20.a4 a5 21.b5 Bb7 22.Ra2 e5 23.d5 Bc8
24.f4 f6 25.e4 g6 26.Rf1 Kg7 27.Ke3 Bd7 28.Raf2 Rf8 29.Kd2 Rbe8 30.h4 Bg4
31.Bf3 Bd7 32.Bg2 Bg4 33.Bf3 Bd7 34.Rh1 Ng8 35.Rhf1 Nh6 36.Bg2 Ng4 37.Re2 Nh6
38.Ref2  1/2-1/2

[Event "JUG Cup (Women)"]
[Site "Ulcinj"]
[Date "1997.??.??"]
[Round "?"]
[White "Manakova, Maria"]
[Black "Prudnikova, Svetlana"]
[Result "1/2-1/2"]
[WhiteElo "2350"]
[BlackElo "2380"]

1.d4 Nf6 2.c4 e6 3.Nf3 Bb4+ 4.Bd2 c5 5.g3 b6 6.Bg2 Bb7 7.O-O Bxd2 8.Qxd2 cxd4
9.Rd1 Qe7 10.Qxd4 Nc6 11.Qd2 Rd8 12.Nc3 d5 13.cxd5 Nxd5 14.Qc2 Nxc3 15.Rxd8+ Qxd8
16.Qxc3 O-O 17.Qc2  1/2-1/2

[Event "JUG Cup"]
[Site "Ulcinj"]
[Date "1997.??.??"]
[Round "?"]
[White "Komarov, Dimitri"]
[Black "Nikcevic, Nebojsa"]
[Result "1-0"]
[WhiteElo "2615"]
[BlackElo "2540"]

1.d4 Nf6 2.c4 e6 3.Nf3 Bb4+ 4.Bd2 Bxd2+ 5.Qxd2 O-O 6.g3 d5 7.Bg2 Nbd7 8.O-O b6
9.cxd5 exd5 10.Nc3 Bb7 11.Rac1 Qe7 12.Qf4 c6 13.Rfe1 Rfe8 14.Nh4 Nf8 15.Nf5 Qd7
16.e4 Ne6 17.Qd6 Red8 18.Qxd7 Rxd7 19.e5 Ne8 20.Rcd1 Rad8 21.f4 N8c7 22.h4 Ba6
23.h5 g6 24.Nh6+ Kg7 25.Ng4 Ne8 26.h6+ Kf8 27.Rd2 Bc8 28.Rf1 c5 29.dxc5 Nxc5
30.Nf2 d4 31.Nce4 Nxe4 32.Bxe4 f5 33.Bc6 Rc7 34.Bf3 Ba6 35.Rfd1 d3 36.Nxd3 Rcd7
37.Be2 Nc7 38.Kf2 Ne6 39.Ke3 g5 40.Nc5 gxf4+ 41.gxf4 Nxc5 42.Rxd7  1-0

[Event "JUG Cup"]
[Site "Ulcinj"]
[Date "1997.??.??"]
[Round "?"]
[White "Laketic, Gojko"]
[Black "Radulski, Julian"]
[Result "0-1"]
[WhiteElo "2435"]
[BlackElo "2385"]

1.d4 Nf6 2.c4 e6 3.Nf3 Bb4+ 4.Bd2 Qe7 5.e3 O-O 6.Be2 Bxd2+ 7.Qxd2 d6 8.Nc3 e5
9.O-O e4 10.Ne1 Re8 11.Nc2 Bf5 12.b4 Nbd7 13.b5 h5 14.a4 h4 15.a5 h3 16.g3 Nf8
17.Nb4 N8h7 18.Nbd5 Nxd5 19.Nxd5 Qd7 20.b6 axb6 21.axb6 c6 22.Nc7 Rxa1 23.Rxa1 Rb8
24.Qa5 Bg4 25.Bf1 Qd8 26.c5 dxc5 27.Qxc5 Ng5 28.Ra2 Nf3+ 29.Kh1 Qf6 30.Qa5 Rd8
31.Qb4 Ng5 32.Qc5 Ne6 33.Nxe6 Bxe6 34.Rc2 Ra8 35.Kg1 Ra1 36.Rc1 Ra4 37.Qc2 Ra2  0-1

[Event "JUG Cup (Women)"]
[Site "Ulcinj"]
[Date "1997.??.??"]
[Round "?"]
[White "Zivkovic, Vesna"]
[Black "Khurtsidze, Nino"]
[Result "1/2-1/2"]
[WhiteElo "2135"]
[BlackElo "2430"]

1.d4 Nf6 2.Nf3 e6 3.c4 Bb4+ 4.Bd2 Qe7 5.Nc3 Bxc3 6.Bxc3 Ne4 7.Qc2 Nxc3 8.Qxc3 O-O
9.e3 a5 10.Rc1 d6 11.c5 Nc6 12.Bb5 Nb4 13.a3 Na2 14.cxd6 Qd8 15.dxc7 Qd5
16.Qc4 Nxc1 17.O-O Nb3 18.Qxd5 exd5 19.Ba4 Be6 20.Bxb3 Ra6 21.Ba4 Rc8 22.Rc1 Rb6
23.b3 Rd6 24.b4 axb4 25.axb4 Rb6 26.b5 Kf8 27.Rc5 Ke7 28.Ng5 h6 29.Nxe6 fxe6
30.Bc2 Kd6 31.Bd3 Rxc7 32.Rxc7 Kxc7 33.f4 Rd6 34.g4 Kb6 35.h4 Ka5 36.g5 Rb6
37.Kf2 Kb4 38.Kf3 Kc3 39.Bf1 Kd2 40.h5 Rd6 41.Bh3 Kc3 42.gxh6 gxh6 43.f5 exf5
44.Kf4 Rb6 45.Bf1 Re6 46.Bg2 Kc4 47.Bf1+ Kb4 48.Bg2 Kxb5 49.Bxd5 Re7 50.Kxf5 Rxe3
51.Bxb7 Rg3 52.Kf6 Rg5 53.Bf3 Kc4 54.d5 Kc5 55.Ke6 Rg8 56.Kf7 Rg5 57.Ke6 Rg1
58.Be4 Re1 59.Ke5 Re2 60.d6 Rd2 61.Kf6 Kxd6 62.Kg7 Ke5 63.Bg6 Rd7+ 64.Kxh6 Kf6
65.Bb1 Rd8 66.Kh7 Kg5 67.Bg6 Kf6 68.Bb1 Ra8 69.Bg6 Ra7+ 70.Kh6 Rb7 71.Bc2  1/2-1/2

[Event "Vantaa We Remi"]
[Site "Vantaa"]
[Date "1997.??.??"]
[Round "3"]
[White "Veingold, Aleksandr"]
[Black "Shalnev, Nicolai"]
[Result "1-0"]
[WhiteElo "2460"]
[BlackElo "2295"]

1.d4 Nf6 2.Nf3 e6 3.c4 Bb4+ 4.Bd2 a5 5.g3 b6 6.Bg2 Bb7 7.O-O Bxd2 8.Qxd2 d6
9.Nc3 Ne4 10.Nxe4 Bxe4 11.Qf4 f5 12.Ng5 Bxg2 13.Kxg2 Qf6 14.e4 h6 15.Nxe6 Qxe6
16.exf5 Qxc4 17.Qe4+ Kd7 18.Rfc1 Qa6 19.Rxc7+ Kxc7 20.Qe7+ Nd7 21.Rc1+ Kb8
22.Qxd6+ Ka7 23.Rc7+ Qb7+ 24.Rxb7+ Kxb7 25.Qxd7+ Ka6 26.Qxg7 h5 27.d5 Rhd8
28.Qf7 h4 29.g4 Ra7 30.Qe6 Rad7 31.f6 Rxd5 32.f7 Rd3 33.Qc4+ b5 34.Qxd3 Rxd3
35.f8=Q h3+ 36.Kf1  1-0

[Event "Villa Ballester op"]
[Site "Villa Ballester"]
[Date "1997.??.??"]
[Round "4"]
[White "Tempone, Marcelo"]
[Black "Campitelli, Guillermo"]
[Result "1-0"]
[WhiteElo "2450"]
[BlackElo "2185"]

1.d4 Nf6 2.Nf3 e6 3.c4 Bb4+ 4.Bd2 Qe7 5.g3 Bxd2+ 6.Qxd2 Ne4 7.Qc2 f5 8.Nbd2 Nxd2
9.Qxd2 d6 10.Bg2 Nd7 11.O-O Nf6 12.Rac1 Ne4 13.Qc2 O-O 14.Ne1 Nf6 15.c5 a5
16.cxd6 cxd6 17.Qc7 Qxc7 18.Rxc7 Rf7 19.Rc2 Ne8 20.Nd3 Rc7 21.Rfc1 Rxc2 22.Rxc2 Rb8
23.Rc3 Kf7 24.Ra3 Ra8 25.Rc3 Rb8 26.f3 Bd7 27.e4 Rc8 28.Rb3 Bc6 29.d5 exd5
30.exf5 g6 31.fxg6+ hxg6 32.Nf4 a4 33.Rb4 Nc7 34.Ne2 Re8 35.Kf2 Ne6 36.h4 Nc5
37.Nf4 Re5 38.Bf1 Rf5 39.Rd4 Re5 40.Bd3 Nxd3+ 41.Nxd3 Rf5 42.g4 Rf6 43.Nf4 Kg7
44.Ne2 Kf7 45.a3 Ke6 46.Rf4 Be8 47.Nd4+ Kf7 48.Ke3 Bd7 49.Rxf6+ Kxf6 50.g5+ Kg7
51.Ne2 Bc6 52.Kd4 Kf7 53.Nf4 b5 54.Ne2 Ke6 55.Ke3 Be8 56.Nd4+ Ke7 57.f4 Bd7
58.Kd2 Kf7 59.Kc3 Ke7 60.Kb4 Kf7 61.b3 Ke7 62.Kc3  1-0

[Event "Villarrobledo rapid op"]
[Site "Villarrobledo"]
[Date "1997.??.??"]
[Round "3"]
[White "Chernin, Alexander"]
[Black "Urday, Henry"]
[Result "1-0"]
[WhiteElo "2640"]
[BlackElo "2445"]

1.d4 Nf6 2.c4 e6 3.Nf3 Bb4+ 4.Bd2 a5 5.Nc3 O-O 6.Qc2 d5 7.cxd5 exd5 8.Bg5 h6
9.Bh4 Nc6 10.e3 Be7 11.a3 Nh5 12.Bxe7 Nxe7 13.Bd3 c6 14.O-O g6 15.b4 Nf6
16.b5 cxb5 17.Nxb5 Bf5 18.Rfb1 Rc8 19.Qd1 Ne4 20.h3 Nc6 21.Rb2 Qe7 22.Rc1 h5
23.Rbc2 Rcd8 24.Qe2 Rfe8 25.Nd2 Qd7 26.Bxe4 Bxe4 27.Nxe4 Rxe4 28.Qd1 Qe7
29.Nc3 Re6 30.Na4 Red6 31.Nc5 Nb8 32.Nd3 Rc6 33.Rxc6 Nxc6 34.Qb3 Rd6 35.Rc5 Qe4
36.Rb5 a4 37.Qd1 Nd8 38.Nc5 Qe8 39.Qxa4 Rc6 40.Qb3 Qe7 41.a4 Qd6 42.a5 Kg7
43.h4 Kh6 44.g3 Kg7 45.Kg2 Kh7 46.Nd3 Ra6 47.Qxd5 Qxd5+ 48.Rxd5 Nc6 49.Rd7 Kg8
50.Rxb7 Rxa5 51.Rc7 Na7 52.Ne5 Nb5 53.Rxf7 Nd6 54.Rf6 Ne4 55.Rf4 Nc3 56.Nxg6 Nd5
57.Rf3 Kg7 58.Nf4 Nf6 59.e4 Nxe4 60.Nxh5+ Rxh5 61.Rf4 Nf6 62.Kh3 Rd5 63.g4 Kg6
64.f3 Ra5 65.g5 Nd5 66.Re4 Ra3 67.Kg4 Ne3+ 68.Kf4 Ng2+ 69.Kg3 Ne3 70.Re6+ Kg7
71.Re5 Nc4 72.Re2 Nd6 73.Kg4 Rd3 74.f4 Rxd4 75.h5 Nf7 76.Re6 Rd1 77.h6+ Kh7
78.Re7 Kg8 79.h7+ Kxh7 80.Rxf7+ Kg8 81.Ra7 Kf8 82.g6 Kg8 83.Kg5 Rb1 84.f5 Kf8
85.Ra8+ Ke7 86.f6+ Kd7 87.f7 Rg1+ 88.Kh6  1-0

[Event "CHI-ch"]
[Site "Vina del Mar"]
[Date "1997.??.??"]
[Round "13"]
[White "Valenzuela, Luis"]
[Black "Frey, Hugo"]
[Result "1/2-1/2"]
[WhiteElo "2355"]
[BlackElo "2235"]

1.d4 Nf6 2.c4 e6 3.Nf3 Bb4+ 4.Bd2 Qe7 5.g3 Nc6 6.Bg2 O-O 7.O-O Bxd2 8.Nbxd2 d6
9.e4 e5 10.d5 Nb8 11.Ne1 a5 12.Nd3 Na6 13.a3 c5 14.b4 axb4 15.axb4 cxb4 16.Nxb4 Bg4
17.Qb1 Nc5 18.f3 Bd7 19.Rxa8 Rxa8 20.Nd3 Nxd3 21.Qxd3 Bc8 22.Qc3 Qc7 23.Ra1 Ra6
24.Rxa6 bxa6 25.Nb3  1/2-1/2

[Event "Zagorovsky mem op"]
[Site "Voronezh"]
[Date "1997.??.??"]
[Round "?"]
[White "Tunik, Gennady"]
[Black "Kozlova, Olga"]
[Result "1-0"]
[WhiteElo "2460"]
[BlackElo "2240"]

1.d4 Nf6 2.c4 e6 3.Nf3 Bb4+ 4.Bd2 Qe7 5.g3 Nc6 6.Bg2 Bxd2+ 7.Nbxd2 d6 8.O-O O-O
9.e4 e5 10.d5 Nb8 11.b4 a5 12.a3 Bd7 13.Qc2 Na6 14.Qc3 axb4 15.axb4 c6 16.dxc6 bxc6
17.Ra5 Rfe8 18.Rfa1 Nc7 19.Rxa8 Nxa8 20.Ra7 Qd8 21.Qa3 Nb6 22.h3 Be6 23.Ng5 Bd7
24.Qa5 h6 25.Ngf3 Qb8 26.Ra6 Nc8 27.Ra8 Qb7 28.Ne1 Re7 29.Nd3 Ne8 30.c5 d5
31.Qa6 Qxa6 32.Rxa6 Nc7 33.Ra5 f5 34.b5 Nxb5 35.exd5 e4 36.d6 Re6 37.Nb4 Re5
38.Nb3 Kf7 39.Bf1 Nca7 40.Bc4+ Kf6 41.Kf1 g5 42.Ra6 f4 43.g4 e3 44.f3 Re8
45.Rb6 h5 46.Rb7 Rd8 47.Na6 hxg4 48.hxg4 Bc8 49.Rf7+ Kg6 50.Nb4 Bd7 51.Nd3 Be8
52.Ne5+ Kh6 53.Bd3  1-0

[Event "Vsetin op"]
[Site "Vsetin"]
[Date "1997.??.??"]
[Round "?"]
[White "Pecinka, Josef"]
[Black "Berezjuk, Sergej"]
[Result "0-1"]
[WhiteElo "2060"]
[BlackElo "2410"]

1.d4 Nf6 2.Nf3 e6 3.c4 Bb4+ 4.Bd2 Qe7 5.g3 Nc6 6.a3 Bxd2+ 7.Nbxd2 a5 8.Bg2 a4
9.O-O d6 10.Qc2 e5 11.dxe5 dxe5 12.e3 O-O 13.Ng5 Nd8 14.Rfe1 h6 15.Nge4 Nxe4
16.Nxe4 Ne6 17.Rad1 c6 18.Nd6 Nc5 19.Nxc8 Raxc8 20.f4 Rcd8 21.Qc3 exf4 22.gxf4 Rxd1
23.Rxd1 Re8 24.Re1 f5 25.Qc2 g6 26.Bf3 Kh7 27.Kh1 h5 28.Re2 Kh6 29.Kg2 Qf6
30.h3 Rg8 31.Kh2 g5 32.Bg2 g4 33.Qd2 Rd8 34.Qc2 Rd3 35.hxg4 hxg4 36.Kg1 Qd8
37.Kh2 Rd1 38.Kg3 Rd7 39.Kf2 Rd3 40.Kg3 Rd1 41.e4 Kh5  0-1

[Event "Wuerttemberg-ch"]
[Site "Willsbach"]
[Date "1997.??.??"]
[Round "1"]
[White "Rist, Manfred"]
[Black "Holzhaeuer, Mathias"]
[Result "1/2-1/2"]
[WhiteElo "2195"]
[BlackElo "2355"]

1.d4 Nf6 2.c4 e6 3.Nf3 Bb4+ 4.Bd2 Qe7 5.g3 Nc6 6.Bg2 Bxd2+ 7.Nbxd2 d6 8.O-O a5
9.e4 e5 10.d5 Nb8 11.Ne1 h5 12.h4 O-O 13.Nd3 c6 14.Qe2 Bd7 15.b3 Na6 16.a3 cxd5
17.exd5 b5 18.Rac1 Rac8 19.Rfe1 Rfe8 20.Qe3 Qd8 21.Qa7 Ra8 22.Qb7 Re7 23.cxb5 Be8
24.bxa6 Rxb7 25.axb7 Rb8 26.Rc3 Rxb7 27.Rec1 Bd7 28.b4 axb4 29.Nxb4 Rb5 30.Nc6 Qa8
31.Nc4 Ne8 32.a4 Rb7 33.a5 Rb5 34.Nb6 Qb7 35.Bf1 Rxb6  1/2-1/2

[Event "Wuerttemberg-ch"]
[Site "Willsbach"]
[Date "1997.??.??"]
[Round "3"]
[White "Latzke, Boris Alexander"]
[Black "Holzhaeuer, Mathias"]
[Result "1/2-1/2"]
[WhiteElo "2205"]
[BlackElo "2355"]

1.d4 Nf6 2.c4 e6 3.Nf3 Bb4+ 4.Bd2 Qe7 5.g3 Nc6 6.Bg2 Bxd2+ 7.Nbxd2 d6 8.O-O a5
9.e4 e5 10.d5 Nb8 11.Ne1 h5 12.h3 h4 13.g4 Bd7 14.Nd3 O-O 15.Qc2 c5 16.f4 exf4
17.e5 dxe5 18.Rae1 Na6 19.a3 Qd6 20.Rxe5 Rae8 21.Qc3 b5 22.Rxe8 Rxe8 23.Qxa5 Rb8
24.g5 f3 25.Rxf3 Nh5 26.Re3 Ng3 27.Qc3 b4 28.axb4 Nxb4 29.Nxb4 Rxb4 30.Ne4 Nxe4
31.Rxe4 Qb8 32.Qe5 Qxe5 33.Rxe5 Rxc4 34.Re7 Bf5 35.Rc7 g6 36.Bf1 Rc2 37.d6 Rd2
38.Rxc5 Rxd6 39.b4 Rd1 40.Kf2 Rb1 41.b5 Rb3 42.Rc7 Be6 43.Rb7 Bxh3 44.Bxh3 Rxh3
45.b6 Rb3 46.Rb8+ Kg7 47.b7 Rb5 48.Kf3 h3 49.Kg3 Rxg5+ 50.Kxh3 Rb5 51.Kg3 Kf6
52.Kf4 Rb4+ 53.Ke3 Kf5 54.Kd3 Kf4 55.Kc3 Rb1 56.Kc2 Rb6 57.Kc3 g5 58.Kc4 f5
59.Kc5 Rb1 60.Kc6 g4 61.Ra8 g3 62.b8=Q+ Rxb8 63.Rxb8 Ke4 64.Rg8 f4 65.Kd6 f3
66.Rxg3 f2 67.Rg4+ Ke3 68.Rg3+ Ke2 69.Rg2 Kf3 70.Rxf2+ Kxf2  1/2-1/2

[Event "Weihnachts op-M 21th"]
[Site "Zuerich"]
[Date "1997.??.??"]
[Round "?"]
[White "Rist, Manfred"]
[Black "Knoedler, Dieter"]
[Result "0-1"]
[WhiteElo "2195"]
[BlackElo "2275"]

1.d4 e6 2.c4 Nf6 3.Nf3 Bb4+ 4.Bd2 Bxd2+ 5.Qxd2 O-O 6.Nc3 d5 7.g3 Qe7 8.Bg2 Rd8
9.Qe3 dxc4 10.Ne5 Nd5 11.Nxd5 exd5 12.Nxc4 Qb4+ 13.Nd2 Nc6 14.Rc1 Qxb2 15.Nb3 Bf5
16.O-O Bg6 17.Rfd1 Re8 18.Qf4 Qxa2 19.Bxd5 Rxe2 20.Bc4 Rc2 21.Rxc2 Qxc2 22.Rc1 Qb2
23.Re1 Qc3 24.Rc1 Qb4 25.Qxc7 Qe7 26.Qf4 Rd8 27.Rd1 Bc2 28.Rd2 Qe1+ 29.Kg2 Qe4+
30.Qxe4 Bxe4+ 31.f3 Bd5 32.Bxd5 Rxd5 33.Kf2 Kf8 34.Ke3 Ke7 35.Nc5 Nxd4 36.Nxb7 Nf5+
37.Ke2 Rxd2+ 38.Kxd2 Nd4 39.Ke3 Nb3 40.Kd3 Kd7 41.Kc4 Nd2+ 42.Kd5 Nxf3 43.Nc5+ Ke7  0-1

[Event "Weihnachts op-M 21th"]
[Site "Zuerich"]
[Date "1997.??.??"]
[Round "?"]
[White "Paulsen, Dirk"]
[Black "Schmid, Martin"]
[Result "1-0"]
[WhiteElo "2355"]
[BlackElo "2085"]

1.d4 Nf6 2.c4 e6 3.Nf3 Bb4+ 4.Bd2 c5 5.Bxb4 cxb4 6.a3 Qa5 7.Nbd2 O-O 8.e3 d6
9.Bd3 Nc6 10.O-O e5 11.d5 Nb8 12.Qc2 Na6 13.axb4 Qxb4 14.Ra4 Qb6 15.Rfa1 Nc5
16.Ra5 Re8 17.b4 Nxd3 18.Qxd3 Qxb4 19.Rb5 Qxb5 20.cxb5 e4 21.Qa3 exf3 22.Qxd6 Bf5
23.Nxf3 Rad8 24.Qa3 Rxd5 25.Qxa7 Be4 26.Nd4 Rd7 27.f3 Bd5 28.e4 Bc4 29.Qc5 Be6
30.Nxe6 fxe6 31.Qe5 Kf7 32.Rc1 Ree7 33.b6 Rd2 34.Qf4 Red7 35.Rc7 Rd1+ 36.Kf2 Ke7
37.Qg5 Kf7 38.e5 Ne8 39.Qh5+ Ke7 40.Rc8 R1d2+ 41.Kg3  1-0

[Event "NLD-sf"]
[Site "Enschede"]
[Date "1998.01.03"]
[Round "1"]
[White "Ernst, Sipke"]
[Black "Plasman, Hans"]
[Result "1-0"]
[WhiteElo "2300"]
[BlackElo "2160"]

1.d4 Nf6 2.Nf3 e6 3.c4 Bb4+ 4.Bd2 Qe7 5.g3 Nc6 6.Bg2 Bxd2+ 7.Nbxd2 a5 8.O-O d6
9.e4 e5 10.d5 Nb8 11.Ne1 h5 12.Nd3 b6 13.Qe2 h4 14.b3 Ng4 15.h3 Nh6 16.g4 g5
17.a3 O-O 18.Qe3 f6 19.b4 c5 20.dxc6 Nxc6 21.Qxb6 Nd4 22.c5 Ba6 23.cxd6 Qd8
24.Qxd8 Rfxd8 25.Nc5 Bxf1 26.Rxf1 axb4 27.axb4 Rxd6 28.Nc4 Ne2+ 29.Kh2 Rd4
30.Nb6 Ra2 31.Nd5 Kf7 32.b5 Rc4 33.Nd7 Ra7 34.N7xf6 Rb7 35.b6 Ng8 36.Nxg8 Kxg8
37.Ra1 Rc8 38.Bf1 Nf4 39.Ba6 Rcb8 40.Bxb7 Rxb7 41.Ra8+  1-0

[Event "Melbourne Black Opal"]
[Site "Melbourne"]
[Date "1998.01.17"]
[Round "6"]
[White "Leskiewicz, Maksymilian"]
[Black "Rogers, Ian"]
[Result "0-1"]
[WhiteElo "2130"]
[BlackElo "2570"]

1.d4 Nf6 2.c4 e6 3.Nf3 Bb4+ 4.Bd2 Qe7 5.Nc3 O-O 6.g3 d5 7.Bg2 dxc4 8.Ne5 c5
9.a3 Bxc3 10.Bxc3 Rd8 11.Qa4 cxd4 12.Ba5 Rd5 13.Qxc4 Rc5 14.Bb4 Rxc4 15.Bxe7 Rc2
16.Kd1 Rxb2 17.Bb4 a5 18.Nc4 axb4 19.Nxb2 e5 20.Kd2 b3 21.Rhc1 Be6 22.Rc7 e4
23.e3 dxe3+ 24.fxe3 b6 25.Nc4 Nbd7 26.Rb1 b5 27.Nd6 b4 28.a4 Rxa4 29.Bxe4 Ra6
30.Bc6 Ne5 31.Rxb3 Nxc6 32.Rb2 Ne5 33.Nf5 Bxf5 34.Rxb4 g6  0-1

[Event "Anibal op 5th"]
[Site "Linares"]
[Date "1998.01.22"]
[Round "3"]
[White "Lobach, Pavel V"]
[Black "Garcia Ilundain, David"]
[Result "1/2-1/2"]
[WhiteElo "2395"]
[BlackElo "2495"]

1.d4 Nf6 2.Nf3 e6 3.c4 Bb4+ 4.Bd2 a5 5.g3 d6 6.Bg2 Nbd7 7.O-O e5 8.Bxb4 axb4
9.Qb3 c5 10.dxc5 dxc5 11.Nbd2 O-O 12.Rfd1 Qe7 13.Nf1 e4 14.N3d2 Nb8 15.Qe3 Bf5
16.Nxe4 Nxe4 17.Nd2 Ra6 18.Nxe4 Re6 19.f3 Bxe4 20.fxe4 Nc6 21.Rd5 b6 22.Qd2 Ne5
23.b3 Qc7 24.Rd1 Rfe8  1/2-1/2